[Event "Mindsports Open 5th"]
[Site "London"]
[Date "2025.08.14"]
[Round "3.3"]
[White "Gombocz, Ferenc Jr"]
[Black "Beerdsen, Thomas"]
[Result "1/2-1/2"]
[WhiteElo "2315"]
[BlackElo "2513"]
[PlyCount "122"]
[EventDate "2025.08.13"]
[EventType "swiss"]
[EventRounds "9"]
[EventCountry "ENG"]
[SourceTitle "BritBase"]
[Source "John Saunders"]
[SourceDate "2025.08.18"]
[SourceVersion "1"]
[SourceVersionDate "2025.08.18"]
[SourceQuality "1"]

1. d4 Nf6 2. c4 e6 3. Nf3 d5 4. g3 Bb4+ 5. Bd2 a5 6. Bg2 O-O 7. Qc2 c5 8. O-O cxd4 9. Nxd4 e5 10. Nb5 dxc4 11. Bxb4 axb4 12. Qxc4 Nc6 13. a4 Be6 14. Qc2 Rc8 15. Nd2 Na5 16. Qd3 Qxd3 17. exd3 Rfd8 18. Nf3 Rxd3 19. Nxe5 Rd2 20. Rfd1 Rcc2 21. Nd3 b3 22. Nd4 Bg4 23. Bf3 Bxf3 24. Nxf3 Rxd1+ 25. Rxd1 h6 26. Nd4 Rc4 27. Nc1 Rxa4 28. Ndxb3 Nxb3 29. Nxb3 Rb4 30. Rd3 Ng4 31. f4 g5 32. h3 Nf6 33. fxg5 hxg5 34. g4 Rb5 35. Rd8+ Kh7 36. Nd4 Rxb2 37. Nf5 Rc2 38. Rf8 Rc7 39. Kf2 Rd7 40. Kf3 Rd3+ 41. Ke2 Rd7 42. Ne3 b5 43. Rb8 Ne4 44. Nd1 Kg6 45. Rg8+ Kf6 46. Rb8 Kg7 47. Ke3 Re7 48. Kd4 Nd6 49. Nc3 Re1 50. Rb6 Re6 51. Kc5 Ne4+ 52. Nxe4 Rxe4 53. Rxb5 f5 54. Kd5 Re7 55. Kd6 Rf7 56. Rxf5 Rxf5 57. gxf5 Kf6 58. Kd7 Kxf5 59. Ke7 Kf4 60. Kf6 g4 61. hxg4 Kxg4 1/2-1/2

[Event "Mindsports Open 5th"]
[Site "London"]
[Date "2025.08.14"]
[Round "3.4"]
[White "Clarke, Brandon G I"]
[Black "Safar, Sandro"]
[Result "1-0"]
[WhiteElo "2491"]
[BlackElo "2354"]
[PlyCount "65"]
[EventDate "2025.08.13"]
[EventType "swiss"]
[EventRounds "9"]
[EventCountry "ENG"]
[SourceTitle "BritBase"]
[Source "John Saunders"]
[SourceDate "2025.08.18"]
[SourceVersion "1"]
[SourceVersionDate "2025.08.18"]
[SourceQuality "1"]

1. e4 c5 2. Nc3 Nc6 3. f4 g6 4. Nf3 Bg7 5. a4 e6 6. e5 d6 7. Bb5 d5 8. Bxc6+ bxc6 9. b3 Qa5 10. Qe2 Ba6 11. Qf2 c4 12. Nd4 Rc8 13. Ba3 Bf8 14. Bxf8 Kxf8 15. O-O Ne7 16. Rfb1 Kg7 17. b4 Qd8 18. a5 c5 19. bxc5 Qc7 20. Ncb5 Qd7 21. Nd6 Rc7 22. Qh4 Rf8 23. Ra3 Ng8 24. f5 exf5 25. N6xf5+ Kh8 26. Rh3 f6 27. e6 Qd8 28. Nc6 g5 29. Qh5 Qe8 30. e7 Qxh5 31. exf8=Q Qe2 32. Nh6 Qe6 33. Nd8 1-0

[Event "Mindsports Open 5th"]
[Site "London"]
[Date "2025.08.14"]
[Round "3.5"]
[White "Harper, Ryan"]
[Black "Levin, Guy"]
[Result "1/2-1/2"]
[WhiteElo "2131"]
[BlackElo "2464"]
[PlyCount "90"]
[EventDate "2025.08.13"]
[EventType "swiss"]
[EventRounds "9"]
[EventCountry "ENG"]
[SourceTitle "BritBase"]
[Source "John Saunders"]
[SourceDate "2025.08.18"]
[SourceVersion "1"]
[SourceVersionDate "2025.08.18"]
[SourceQuality "1"]

1. e4 c6 2. d4 d5 3. e5 Bf5 4. h4 h5 5. Bd3 Bxd3 6. Qxd3 e6 7. Nf3 Be7 8. Bg5 Nh6 9. Nbd2 Nf5 10. c4 dxc4 11. Nxc4 Na6 12. a3 Qd7 13. Bxe7 Kxe7 14. Ne3 Rhd8 15. Nxf5+ exf5 16. Qe3 g6 17. O-O Nc7 18. Qg5+ Ke8 19. Rad1 Ne6 20. Qh6 Qe7 21. Rfe1 Rd5 22. Ng5 Qf8 23. Qh7 Ke7 24. Nf3 Rad8 25. Rc1 Qh8 26. Qxh8 Rxh8 27. Rc4 Rhd8 28. Rd1 c5 29. Rdc1 cxd4 30. Rd1 b6 31. b4 Kd7 32. Kf1 Rc8 33. Rxc8 Kxc8 34. g3 a5 35. Ke2 axb4 36. axb4 Kb7 37. Kd3 Rd8 38. Kc4 Rc8+ 39. Kd5 b5 40. Kd6 Rc6+ 41. Ke7 Rc7+ 42. Ke8 Ng7+ 43. Kf8 Ne6+ 44. Ke8 Ng7+ 45. Kf8 Ne6+ 1/2-1/2

[Event "Mindsports Open 5th"]
[Site "London"]
[Date "2025.08.14"]
[Round "3.6"]
[White "Czopor, Maciej"]
[Black "Radeva, Viktoria"]
[Result "1-0"]
[WhiteElo "2434"]
[BlackElo "2317"]
[PlyCount "75"]
[EventDate "2025.08.13"]
[EventType "swiss"]
[EventRounds "9"]
[EventCountry "ENG"]
[SourceTitle "BritBase"]
[Source "John Saunders"]
[SourceDate "2025.08.18"]
[SourceVersion "1"]
[SourceVersionDate "2025.08.18"]
[SourceQuality "1"]

1. e4 e6 2. d4 d5 3. e5 c5 4. c3 Nc6 5. Nf3 Bd7 6. Be2 Nge7 7. O-O Ng6 8. Be3 Be7 9. Nbd2 O-O 10. Re1 cxd4 11. cxd4 a5 12. a3 a4 13. Bd3 f5 14. exf6 Bxf6 15. Nf1 Be8 16. Ng3 Na5 17. Qe2 Nb3 18. Rad1 Kh8 19. Nh5 Be7 20. Ne5 Nxe5 21. dxe5 Bc5 22. Qg4 Qd7 23. Qh3 Bxe3 24. Rxe3 g6 25. Nf6 Qe7 26. Rg3 Rxf6 27. exf6 Qxf6 28. Rf3 Qe7 29. Qh6 Kg8 30. Re1 Nc5 31. h4 Rd8 32. h5 Nxd3 33. Rxe6 Qg7 34. Qxg7+ Kxg7 35. Re7+ Kg8 36. h6 Bb5 37. Rg7+ Kh8 38. Rff7 1-0

[Event "Mindsports Open 5th"]
[Site "London"]
[Date "2025.08.14"]
[Round "3.7"]
[White "Vandenbussche, Thibaut"]
[Black "Pal, Rohan"]
[Result "1-0"]
[WhiteElo "2402"]
[BlackElo "1909"]
[PlyCount "71"]
[EventDate "2025.08.13"]
[EventType "swiss"]
[EventRounds "9"]
[EventCountry "ENG"]
[SourceTitle "BritBase"]
[Source "John Saunders"]
[SourceDate "2025.08.18"]
[SourceVersion "1"]
[SourceVersionDate "2025.08.18"]
[SourceQuality "1"]

1. e4 c5 2. Nf3 Nc6 3. Bb5 Nf6 4. Nc3 Qc7 5. O-O Nd4 6. Re1 a6 7. Bf1 Ng4 8. e5 Nxf3+ 9. gxf3 Nxe5 10. d4 cxd4 11. Nd5 Qb8 12. Rxe5 Qxe5 13. c4 Qd6 14. Qxd4 Qc6 15. b4 e6 16. Nb6 Rb8 17. Bf4 d6 18. c5 dxc5 19. Qe5 Be7 20. Qxb8 O-O 21. Qc7 Qxc7 22. Bxc7 cxb4 23. f4 Bc5 24. Rd1 f6 25. Bc4 Kh8 26. Nxc8 Rxc8 27. Bxe6 Re8 28. Bf7 Rf8 29. Rd7 h6 30. f5 Rc8 31. Bd5 Re8 32. Bxb7 Re2 33. Bd5 Re8 34. Bc4 Ra8 35. Rd8+ Rxd8 36. Bxd8 1-0

[Event "Mindsports Open 5th"]
[Site "London"]
[Date "2025.08.14"]
[Round "3.8"]
[White "Li, Harry"]
[Black "Gasanov, Eldar"]
[Result "1/2-1/2"]
[WhiteElo "2242"]
[BlackElo "2471"]
[PlyCount "57"]
[EventDate "2025.08.13"]
[EventType "swiss"]
[EventRounds "9"]
[EventCountry "ENG"]
[SourceTitle "BritBase"]
[Source "John Saunders"]
[SourceDate "2025.08.18"]
[SourceVersion "1"]
[SourceVersionDate "2025.08.18"]
[SourceQuality "1"]

1. e4 e5 2. Nf3 Nc6 3. Bc4 Nf6 4. d3 Be7 5. O-O O-O 6. Re1 d6 7. a4 h6 8. c3 Na5 9. Ba2 c5 10. h3 Re8 11. Nbd2 Bf8 12. b4 cxb4 13. cxb4 Nc6 14. b5 Ne7 15. d4 Ng6 16. Nf1 exd4 17. Qxd4 b6 18. Ng3 Bb7 19. Bb2 Ne5 20. Nxe5 dxe5 21. Qc4 Re7 22. Bxe5 Rc8 23. Bxf6 Rxc4 24. Bxe7 Bxe7 25. Bxc4 Bc5 26. Rad1 Qc7 27. Rd3 Bxf2+ 28. Kxf2 Qxc4 29. Rd7 1/2-1/2

[Event "Mindsports Open 5th"]
[Site "London"]
[Date "2025.08.14"]
[Round "3.9"]
[White "Csonka, Balazs"]
[Black "Zheng, Harry Z"]
[Result "1/2-1/2"]
[WhiteElo "2467"]
[BlackElo "2190"]
[PlyCount "85"]
[EventDate "2025.08.13"]
[EventType "swiss"]
[EventRounds "9"]
[EventCountry "ENG"]
[SourceTitle "BritBase"]
[Source "John Saunders"]
[SourceDate "2025.08.18"]
[SourceVersion "1"]
[SourceVersionDate "2025.08.18"]
[SourceQuality "1"]

1. d4 Nf6 2. c4 e6 3. Nc3 Bb4 4. e3 O-O 5. Bd3 d5 6. a3 Bxc3+ 7. bxc3 dxc4 8. Bxc4 c5 9. Ne2 Qc7 10. Ba2 Nc6 11. O-O b6 12. Bb2 Ba6 13. Rc1 Rfd8 14. c4 Ne7 15. Re1 Bb7 16. Ng3 Qc6 17. f3 Rac8 18. Qb3 Ba6 19. dxc5 Qxc5 20. Bd4 Qa5 21. Bc3 Qc5 22. Bd4 Qa5 23. Bc3 Qc5 24. Qa4 Bb7 25. Qxa7 Ra8 26. Qxb7 Rdb8 27. Ne4 Rxb7 28. Nxc5 bxc5 29. Rb1 Rxb1 30. Rxb1 Nf5 31. Kf2 Nd7 32. Bb2 Nb6 33. Bc1 Na4 34. Bd2 Kf8 35. g4 Nd6 36. Ke2 e5 37. e4 Ke7 38. Kd3 Kd7 39. Be3 Kc6 40. Bb3 Nb6 41. Ra1 Nb7 42. Kc3 Na5 43. Ba2 1/2-1/2

[Event "Mindsports Open 5th"]
[Site "London"]
[Date "2025.08.14"]
[Round "3.10"]
[White "Hauge, Lars Oskar"]
[Black "Kovalskyi, Roman"]
[Result "1/2-1/2"]
[WhiteElo "2460"]
[BlackElo "2180"]
[PlyCount "142"]
[EventDate "2025.08.13"]
[EventType "swiss"]
[EventRounds "9"]
[EventCountry "ENG"]
[SourceTitle "BritBase"]
[Source "John Saunders"]
[SourceDate "2025.08.18"]
[SourceVersion "1"]
[SourceVersionDate "2025.08.18"]
[SourceQuality "1"]

1. e4 c5 2. Nc3 g6 3. g3 Bg7 4. Bg2 Nc6 5. d3 e6 6. Nge2 Nge7 7. O-O O-O 8. g4 d5 9. Ng3 f5 10. gxf5 gxf5 11. exd5 Nxd5 12. Nxd5 exd5 13. Nh5 Be5 14. Bf4 Bxf4 15. Nxf4 Qg5 16. Qf3 d4 17. Qg3 Qxg3 18. hxg3 Bd7 19. Bd5+ Kh8 20. a3 Ne7 21. Bb3 Ng6 22. Ne6 Bxe6 23. Bxe6 Rae8 24. Rfe1 Re7 25. Bd5 Rfe8 26. Rxe7 Rxe7 27. Kf1 Kg7 28. Bf3 b6 29. Kg2 Ne5 30. Rh1 Nxf3 31. Kxf3 Kg6 32. Rb1 a5 33. Rh1 Kg5 34. c3 Rd7 35. c4 Re7 36. Ra1 Re5 37. Rb1 Re7 38. b3 h5 39. Ra1 Re5 40. b4 axb4 41. axb4 cxb4 42. Rb1 Ra5 43. Rxb4 Ra3 44. Rxb6 Rxd3+ 45. Kg2 h4 46. gxh4+ Kxh4 47. c5 f4 48. Rb2 f3+ 49. Kh2 Rc3 50. Rb4 Rxc5 51. Rxd4+ Kg5 52. Kg3 Rc3 53. Rd5+ Kf6 54. Kg4 Ke6 55. Rd1 Ra3 56. Kf4 Rb3 57. Rh1 Ra3 58. Rh6+ Kf7 59. Kg4 Kg7 60. Rb6 Kf7 61. Kg5 Ra5+ 62. Kf4 Ra3 63. Rb4 Kf6 64. Ke4 Ke6 65. Rd4 Kf6 66. Rd3 Rxd3 67. Kxd3 Kg5 68. Ke3 Kg4 69. Ke4 Kg5 70. Ke3 Kg4 71. Ke4 Kg5 1/2-1/2

[Event "Mindsports Open 5th"]
[Site "London"]
[Date "2025.08.14"]
[Round "3.11"]
[White "Dasgupta, Avyukt"]
[Black "Willow, Jonah B"]
[Result "0-1"]
[WhiteElo "2158"]
[BlackElo "2459"]
[PlyCount "74"]
[EventDate "2025.08.13"]
[EventType "swiss"]
[EventRounds "9"]
[EventCountry "ENG"]
[SourceTitle "BritBase"]
[Source "John Saunders"]
[SourceDate "2025.08.18"]
[SourceVersion "1"]
[SourceVersionDate "2025.08.18"]
[SourceQuality "1"]

1. d4 Nf6 2. Bg5 c5 3. Bxf6 gxf6 4. d5 Qb6 5. Qc1 f5 6. g3 Bh6 7. e3 Bg7 8. c3 d6 9. Bg2 Nd7 10. Nf3 Qa6 11. Nh4 Ne5 12. Bf1 c4 13. Na3 Qa5 14. Qd2 Nd3+ 15. Bxd3 Qxd5 16. e4 Qxd3 17. Qxd3 cxd3 18. Nxf5 Bxf5 19. exf5 Rc8 20. O-O-O Rc5 21. g4 h5 22. h3 Re5 23. Nc4 Re2 24. g5 b5 25. Ne3 Rxf2 26. Rxd3 Be5 27. h4 b4 28. cxb4 Rxb2 29. Nc2 Rxa2 30. Re1 O-O 31. Kb1 Rb2+ 32. Kc1 Rc8 33. Rd2 Rxb4 34. Kd1 Rb1+ 35. Ke2 Rb2 36. Kd1 Bc3 37. Rxe7 Bxd2 0-1

[Event "Mindsports Open 5th"]
[Site "London"]
[Date "2025.08.14"]
[Round "3.12"]
[White "Storme, Isak"]
[Black "Carroll, Peter"]
[Result "0-1"]
[WhiteElo "2452"]
[BlackElo "2167"]
[PlyCount "80"]
[EventDate "2025.08.13"]
[EventType "swiss"]
[EventRounds "9"]
[EventCountry "ENG"]
[SourceTitle "BritBase"]
[Source "John Saunders"]
[SourceDate "2025.08.18"]
[SourceVersion "1"]
[SourceVersionDate "2025.08.18"]
[SourceQuality "1"]

1. e4 c5 2. Nf3 Nc6 3. Bb5 g6 4. O-O Bg7 5. c3 e5 6. d4 exd4 7. cxd4 cxd4 8. Bf4 a6 9. Ba4 Nge7 10. Bd6 b5 11. Bb3 Bb7 12. Re1 Nc8 13. e5 Nxd6 14. exd6+ Kf8 15. Nbd2 f5 16. a4 Bf6 17. axb5 axb5 18. Rxa8 Bxa8 19. Qc2 Kg7 20. Qc5 Qb8 21. h4 Rc8 22. Qa3 Qb6 23. Bd5 Bb7 24. Nb3 Na5 25. Bxb7 Nxb7 26. Rd1 Rc4 27. Qa8 Nxd6 28. h5 Rc8 29. Qd5 Qc6 30. Qxc6 dxc6 31. Nfxd4 Kf7 32. Nc5 gxh5 33. Nde6 Ne4 34. b3 Nxc5 35. Nxc5 Rd8 36. Rc1 Rd2 37. Nb7 Bd4 38. Rxc6 Bxf2+ 39. Kh2 h4 40. Nd6+ Rxd6 0-1

[Event "Mindsports Open 5th"]
[Site "London"]
[Date "2025.08.14"]
[Round "3.13"]
[White "Kovchan, Alexander"]
[Black "Hoffman, Luc"]
[Result "1-0"]
[WhiteElo "2450"]
[BlackElo "2123"]
[PlyCount "111"]
[EventDate "2025.08.13"]
[EventType "swiss"]
[EventRounds "9"]
[EventCountry "ENG"]
[SourceTitle "BritBase"]
[Source "John Saunders"]
[SourceDate "2025.08.18"]
[SourceVersion "1"]
[SourceVersionDate "2025.08.18"]
[SourceQuality "1"]

1. e4 d6 2. d4 Nf6 3. Nc3 g6 4. Be3 Bg7 5. Nf3 O-O 6. Qd2 c5 7. dxc5 dxc5 8. Qxd8 Rxd8 9. Bxc5 Nc6 10. Bb5 Nd7 11. Ba3 Nb6 12. O-O Bg4 13. Bxc6 bxc6 14. Bxe7 Rd7 15. Bb4 Rb8 16. Rfd1 Nc4 17. Rxd7 Bxd7 18. Bc5 Rxb2 19. Nd4 Bxd4 20. Bxd4 Rxc2 21. h4 f5 22. Rb1 Nb6 23. Rb3 Be6 24. Ra3 Nc8 25. Ra6 c5 26. Be5 Kf7 27. Rc6 Nb6 28. Rc7+ Nd7 29. Rxa7 fxe4 30. a4 Bf5 31. Bh8 Ke7 32. Ra6 Rd2 33. a5 Rd6 34. Ra8 e3 35. fxe3 Bd3 36. Rg8 Ra6 37. Rg7+ Ke6 38. Rxh7 Rxa5 39. h5 Nf8 40. Rh6 Ra7 41. e4 Ra1+ 42. Kh2 Kf7 43. Be5 Re1 44. Bd6 gxh5 45. Rxh5 Nd7 46. Rh7+ Ke6 47. Rh6+ Kf7 48. Bg3 Rc1 49. e5 Kg7 50. Rd6 Rxc3 51. Rxd7+ Kg6 52. Rd6+ Kf7 53. e6+ Ke7 54. Rc6 Rc4 55. Bf2 Bf5 56. Bxc5+ 1-0

[Event "Mindsports Open 5th"]
[Site "London"]
[Date "2025.08.14"]
[Round "3.14"]
[White "Merriman, James"]
[Black "Feuerstack, Aljoscha"]
[Result "0-1"]
[WhiteElo "2140"]
[BlackElo "2449"]
[PlyCount "130"]
[EventDate "2025.08.13"]
[EventType "swiss"]
[EventRounds "9"]
[EventCountry "ENG"]
[SourceTitle "BritBase"]
[Source "John Saunders"]
[SourceDate "2025.08.18"]
[SourceVersion "1"]
[SourceVersionDate "2025.08.18"]
[SourceQuality "1"]

1. d4 d5 2. c4 c6 3. Nc3 Nf6 4. cxd5 cxd5 5. Bf4 Nc6 6. e3 Bf5 7. Bd3 Bxd3 8. Qxd3 e6 9. h3 Be7 10. Nf3 Nd7 11. O-O g5 12. Bg3 f5 13. Nb5 Kf7 14. Rfc1 h5 15. Nd6+ Bxd6 16. Bxd6 g4 17. Ne5+ Ndxe5 18. Bxe5 Rg8 19. hxg4 Rxg4 20. f3 Rg6 21. Qb5 Qd7 22. Qc5 Rd8 23. Rc2 Kg8 24. b4 Kh7 25. b5 Nxe5 26. dxe5 Qg7 27. Rac1 Rg8 28. Qc7 h4 29. Kh2 Rg3 30. Rf2 Rf8 31. Qxg7+ Rxg7 32. Rfc2 f4 33. exf4 Rxf4 34. Rc7 Ra4 35. Rxg7+ Kxg7 36. Rc7+ Kg6 37. Rxb7 Rxa2 38. Kh3 Ra4 39. g4 hxg3 40. Kxg3 Kf5 41. b6 axb6 42. Rxb6 Ra2 43. Rb3 Kxe5 44. Re3+ Kd6 45. f4 Ra6 46. Re5 Kc5 47. f5 exf5 48. Rxf5 Re6 49. Kf2 Kc4 50. Rf8 d4 51. Rc8+ Kb3 52. Rd8 Kc3 53. Ra8 d3 54. Ra3+ Kc2 55. Ra2+ Kb3 56. Ra8 d2 57. Rb8+ Kc2 58. Rc8+ Kd1 59. Rh8 Re5 60. Rf8 Rd5 61. Rc8 Rf5+ 62. Kg2 Ke2 63. Re8+ Kd3 64. Rd8+ Kc3 65. Kg1 Rf4 0-1

[Event "Mindsports Open 5th"]
[Site "London"]
[Date "2025.08.14"]
[Round "3.15"]
[White "Balaji, Aaravamudhan"]
[Black "Adams, Henry"]
[Result "1-0"]
[WhiteElo "2394"]
[BlackElo "2114"]
[PlyCount "39"]
[EventDate "2025.08.13"]
[EventType "swiss"]
[EventRounds "9"]
[EventCountry "ENG"]
[SourceTitle "BritBase"]
[Source "John Saunders"]
[SourceDate "2025.08.18"]
[SourceVersion "1"]
[SourceVersionDate "2025.08.18"]
[SourceQuality "1"]

1. d4 Nf6 2. c4 e6 3. Nc3 Bb4 4. e3 O-O 5. a3 Bxc3+ 6. bxc3 Nc6 7. Bd3 b6 8. e4 d6 9. Ne2 h6 10. Ng3 Ba6 11. Qe2 e5 12. Be3 Qe8 13. f4 Na5 14. O-O Qe6 15. fxe5 dxe5 16. d5 Qg4 17. Rf3 Nh5 18. Nf5 Nf4 19. Bxf4 exf4 20. Nxh6+ 1-0

[Event "Mindsports Open 5th"]
[Site "London"]
[Date "2025.08.14"]
[Round "3.16"]
[White "Hobson, Kenneth"]
[Black "Ravi, Krishna G"]
[Result "1/2-1/2"]
[WhiteElo "2361"]
[BlackElo "2074"]
[PlyCount "52"]
[EventDate "2025.08.13"]
[EventType "swiss"]
[EventRounds "9"]
[EventCountry "ENG"]
[SourceTitle "BritBase"]
[Source "John Saunders"]
[SourceDate "2025.08.18"]
[SourceVersion "1"]
[SourceVersionDate "2025.08.18"]
[SourceQuality "1"]

1. e4 c5 2. Nf3 e6 3. d4 cxd4 4. Nxd4 Nf6 5. Bd3 Nc6 6. Nxc6 bxc6 7. O-O d5 8. Nd2 Be7 9. b3 O-O 10. Bb2 Nd7 11. c4 Bf6 12. Bxf6 Nxf6 13. Re1 a5 14. Qc2 h6 15. Rad1 Ba6 16. Nf3 Qb6 17. Ne5 Rfd8 18. c5 Bxd3 19. Rxd3 Qb5 20. exd5 Rxd5 21. Rxd5 exd5 22. Nf3 a4 23. Nd4 axb3 24. axb3 Qb4 25. Rd1 Rc8 26. f3 g6 1/2-1/2

[Event "Mindsports Open 5th"]
[Site "London"]
[Date "2025.08.14"]
[Round "3.17"]
[White "Badacsonyi, Stanley"]
[Black "Deepak Ambattu, Rithvik"]
[Result "1-0"]
[WhiteElo "2309"]
[BlackElo "1990"]
[PlyCount "125"]
[EventDate "2025.08.13"]
[EventType "swiss"]
[EventRounds "9"]
[EventCountry "ENG"]
[SourceTitle "BritBase"]
[Source "John Saunders"]
[SourceDate "2025.08.18"]
[SourceVersion "1"]
[SourceVersionDate "2025.08.18"]
[SourceQuality "1"]

1. d4 d5 2. c4 e6 3. Nc3 Nf6 4. cxd5 exd5 5. Bg5 c6 6. e3 h6 7. Bh4 Be7 8. Bd3 O-O 9. Nge2 Re8 10. O-O Ne4 11. Bxe7 Nxc3 12. Nxc3 Qxe7 13. Qd2 Be6 14. Rae1 Nd7 15. f3 Qd6 16. Qf2 c5 17. dxc5 Nxc5 18. Bc2 Qc6 19. Rd1 Rac8 20. Rd4 b5 21. Rfd1 Na6 22. Bb3 Nc7 23. Bxd5 Nxd5 24. Nxd5 Qc2 25. Nc3 Qxf2+ 26. Kxf2 Bc4 27. R1d2 Rc6 28. a3 a5 29. e4 b4 30. axb4 axb4 31. Nd1 Rb8 32. Rc2 Bd5 33. Rxc6 Bxc6 34. b3 f6 35. Ne3 Be8 36. Nd5 Bf7 37. Ke3 Ra8 38. Rxb4 Ra2 39. Rb8+ Kh7 40. Rb7 Kg8 41. Ne7+ Kh7 42. Nf5 Kg8 43. Nd6 Be6 44. b4 Ra6 45. Rb8+ Kh7 46. Rd8 Ra4 47. b5 Rb4 48. Rb8 h5 49. b6 Bd7 50. b7 Bc6 51. Kd3 Rb6 52. Kc4 Bxb7 53. Kc5 Rb2 54. Rxb7 Rxg2 55. Nf5 Kg8 56. Kd4 g6 57. Ne7+ Kf8 58. Nd5 Rd2+ 59. Ke3 Rxh2 60. Nxf6 Ra2 61. Kf4 h4 62. Rh7 g5+ 63. Kf5 1-0

[Event "Mindsports Open 5th"]
[Site "London"]
[Date "2025.08.14"]
[Round "3.18"]
[White "San Emeterio Cabanes, Jose L"]
[Black "Oleszczuk, Artur"]
[Result "1-0"]
[WhiteElo "2303"]
[BlackElo "1868"]
[PlyCount "82"]
[EventDate "2025.08.13"]
[EventType "swiss"]
[EventRounds "9"]
[EventCountry "ENG"]
[SourceTitle "BritBase"]
[Source "John Saunders"]
[SourceDate "2025.08.18"]
[SourceVersion "1"]
[SourceVersionDate "2025.08.18"]
[SourceQuality "1"]

1. d4 Nf6 2. Bg5 d5 3. Nd2 h6 4. Bxf6 exf6 5. e3 Be6 6. g3 f5 7. Bg2 c6 8. Ne2 Bd6 9. Nf4 Bxf4 10. exf4 Nd7 11. Qe2 O-O 12. O-O Re8 13. Qd3 Nf6 14. Rfd1 Ne4 15. Nf1 Re7 16. b3 b5 17. a3 Nd6 18. Ne3 Qd7 19. a4 b4 20. a5 Nb5 21. Re1 Rae8 22. Qd2 Qd6 23. Nd1 Bc8 24. Re3 Ba6 25. Ra4 Na3 26. Rxe7 Rxe7 27. Ne3 Rb7 28. Nxf5 Qf8 29. Bf1 Bxf1 30. Kxf1 a6 31. Qd3 Rb5 32. c3 g6 33. Ne3 bxc3 34. Qxc3 c5 35. Nxd5 Qd8 36. Ne3 cxd4 37. Rxd4 Qxa5 38. b4 Qb6 39. Nd5 Qb7 40. Re4 g5 41. Nf6+ Kg7 1-0

[Event "Mindsports Open 5th"]
[Site "London"]
[Date "2025.08.14"]
[Round "3.19"]
[White "Leong, Aiden"]
[Black "Tica, Sven"]
[Result "0-1"]
[WhiteElo "2068"]
[BlackElo "2442"]
[PlyCount "104"]
[EventDate "2025.08.13"]
[EventType "swiss"]
[EventRounds "9"]
[EventCountry "ENG"]
[SourceTitle "BritBase"]
[Source "John Saunders"]
[SourceDate "2025.08.18"]
[SourceVersion "1"]
[SourceVersionDate "2025.08.18"]
[SourceQuality "1"]

1. Nf3 d5 2. g3 Nd7 3. d4 Ngf6 4. Bg2 b5 5. Ne5 Bb7 6. a4 b4 7. a5 a6 8. c4 bxc3 9. Nxc3 e6 10. Qa4 Bd6 11. Bg5 h6 12. Bxf6 gxf6 13. Qxd7+ Qxd7 14. Nxd7 Kxd7 15. e4 dxe4 16. Bxe4 Bxe4 17. Nxe4 f5 18. Nxd6 cxd6 19. Kd2 Rab8 20. Rab1 Rb4 21. Kc3 Rhb8 22. b3 Kc6 23. Rb2 Kd5 24. Rd1 h5 25. f3 R4b5 26. Ra1 Rc8+ 27. Kd3 Rb4 28. Ra4 Rxa4 29. bxa4 Rc4 30. Rb6 Rxd4+ 31. Ke3 Rxa4 32. Rxa6 e5 33. Ra7 f4+ 34. gxf4 Rxf4 35. a6 Ke6 36. Ra8 Ra4 37. h3 f5 38. f4 Ra3+ 39. Kf2 Kd5 40. fxe5 dxe5 41. a7 Ke4 42. h4 f4 43. Kg2 Ra2+ 44. Kh3 f3 45. Kg3 Rg2+ 46. Kh3 Rg7 47. Kh2 Rf7 48. Kg1 Kf4 49. Kf2 e4 50. Ke1 Ke3 51. Kf1 Rc7 52. Kg1 f2+ 0-1

[Event "Mindsports Open 5th"]
[Site "London"]
[Date "2025.08.14"]
[Round "3.20"]
[White "Bharat Kumar, Balahari"]
[Black "Sofronie, Iulian"]
[Result "0-1"]
[WhiteElo "2052"]
[BlackElo "2372"]
[PlyCount "78"]
[EventDate "2025.08.13"]
[EventType "swiss"]
[EventRounds "9"]
[EventCountry "ENG"]
[SourceTitle "BritBase"]
[Source "John Saunders"]
[SourceDate "2025.08.18"]
[SourceVersion "1"]
[SourceVersionDate "2025.08.18"]
[SourceQuality "1"]

1. d4 e6 2. c4 f5 3. g3 Nf6 4. Bg2 Bb4+ 5. Nd2 a5 6. Ngf3 O-O 7. O-O Nc6 8. a3 Bxd2 9. Bxd2 Qe8 10. b4 Ne4 11. b5 Ne7 12. a4 d6 13. Bc1 Qh5 14. Bb2 b6 15. Ne1 Bb7 16. Nd3 Rad8 17. Qc2 Qh6 18. Bc1 Qf6 19. Bb2 Qf7 20. Rae1 Ng6 21. f3 Nf6 22. c5 dxc5 23. dxc5 Qe7 24. c6 Bc8 25. f4 e5 26. Nxe5 Nxe5 27. fxe5 Ng4 28. e4 Qb4 29. Re2 fxe4 30. Rxf8+ Rxf8 31. Bxe4 Be6 32. h3 Nh6 33. Bxh7+ Kh8 34. Qe4 Qb3 35. Qd3 Qxa4 36. Rf2 Rxf2 37. Kxf2 Qa2 38. Bg6 Qxb2+ 39. Kg1 Qxe5 0-1

[Event "Mindsports Open 5th"]
[Site "London"]
[Date "2025.08.14"]
[Round "3.21"]
[White "Kalavannan, Koby"]
[Black "Lebedev, Lion"]
[Result "0-1"]
[WhiteElo "2323"]
[BlackElo "2048"]
[PlyCount "96"]
[EventDate "2025.08.13"]
[EventType "swiss"]
[EventRounds "9"]
[EventCountry "ENG"]
[SourceTitle "BritBase"]
[Source "John Saunders"]
[SourceDate "2025.08.18"]
[SourceVersion "1"]
[SourceVersionDate "2025.08.18"]
[SourceQuality "1"]

1. Nf3 d5 2. b3 Nf6 3. Bb2 Bf5 4. Nh4 Bg4 5. h3 Bh5 6. g4 Bg6 7. d3 Nbd7 8. Bg2 c6 9. Nd2 e5 10. e3 Bd6 11. Qe2 Qe7 12. a3 Rc8 13. Nf1 Ng8 14. Nxg6 hxg6 15. Nd2 Qe6 16. h4 f6 17. c4 Ne7 18. O-O-O b5 19. cxb5 cxb5+ 20. Kb1 Kf7 21. h5 g5 22. Rc1 Bc5 23. Qd1 Qd6 24. b4 Bb6 25. Rxc8 Rxc8 26. h6 Rh8 27. Qb3 Rxh6 28. e4 Rxh1+ 29. Bxh1 Kf8 30. exd5 Bd4 31. Bxd4 exd4 32. Qb2 Qh2 33. Qc1 Nb6 34. Be4 Na4 35. Qh1 Nc3+ 36. Kc2 Qc7 37. Qh8+ Kf7 38. Qh5+ Kf8 39. Qh8+ Ng8 40. d6 Qf7 41. Nb3 Nxe4 42. dxe4 Qc4+ 43. Kd2 Qc3+ 44. Ke2 Qxb3 45. d7 Qc2+ 46. Kf3 Qd3+ 47. Kg2 Qxe4+ 48. f3 Qd5 0-1

[Event "Mindsports Open 5th"]
[Site "London"]
[Date "2025.08.14"]
[Round "3.22"]
[White "Patel, Zain"]
[Black "Bracker, Frank"]
[Result "0-1"]
[WhiteElo "2048"]
[BlackElo "2301"]
[PlyCount "128"]
[EventDate "2025.08.13"]
[EventType "swiss"]
[EventRounds "9"]
[EventCountry "ENG"]
[SourceTitle "BritBase"]
[Source "John Saunders"]
[SourceDate "2025.08.18"]
[SourceVersion "1"]
[SourceVersionDate "2025.08.18"]
[SourceQuality "1"]

1. Nf3 Nf6 2. d4 e6 3. e3 b6 4. Bd3 Bb7 5. O-O d5 6. b3 Bd6 7. Bb2 O-O 8. Nbd2 c5 9. dxc5 bxc5 10. c4 Nc6 11. cxd5 exd5 12. Rc1 Rc8 13. Re1 Re8 14. Bf5 Rc7 15. Bb1 g6 16. e4 d4 17. Nc4 Bf4 18. e5 Nd7 19. Nd6 Re6 20. Be4 Ba8 21. Bd5 Ndxe5 22. Bxe6 Qxd6 23. Bc4 Bxc1 24. Bxc1 Re7 25. Nxe5 Rxe5 26. Re2 Qf6 27. f4 Re7 28. Qe1 Bb7 29. Ba3 Rxe2 30. Qxe2 Nb4 31. Qe8+ Kg7 32. Qb8 Qe7 33. f5 Qe1+ 34. Bf1 Qe3+ 35. Kh1 Qe7 36. Bxb4 cxb4 37. Qf4 Qf6 38. Bd3 Bc8 39. g4 Bb7+ 40. Kg1 g5 41. Qb8 Bf3 42. Qg3 Bd5 43. Qc7 h5 44. h3 hxg4 45. hxg4 Bf3 46. Qg3 Bd1 47. Kf2 Qe7 48. Kg2 Qe3 49. f6+ Kxf6 50. Qd6+ Kg7 51. Qd5 Bxg4 52. Be4 Qh3+ 53. Kg1 Qg3+ 54. Kh1 Qf4 55. Qxd4+ Qf6 56. Qd5 Be6 57. Qa5 Qf1+ 58. Kh2 Qf4+ 59. Kg1 Qxe4 60. Qxa7 Qe1+ 61. Kh2 Qe5+ 62. Kg1 Bd5 63. Qb6 Qe1+ 64. Kh2 Qh1+ 0-1